[Event "Borbeck- Rheinhausen"]
[Site "?"]
[Date "2022.10.02"]
[Round "2.6"]
[White "Klasmeier, Hartmut"]
[Black "Feldhaus, Sebastian"]
[Result "0-1"]
[WhiteElo "2001"]
[BlackElo "2045"]
[PlyCount "66"]
[SourceVersionDate "2023.06.22"]

1. e4 c5 2. Bc4 e6 3. Nc3 Nf6 4. Nf3 Nc6 5. O-O d5 6. exd5 exd5 7. Bb5 Be7 8.
Ne5 Qc7 9. d4 O-O 10. Nxc6 bxc6 11. Be2 cxd4 12. Qxd4 Bd6 13. Qh4 Bf5 14. Bd3
Bxd3 15. cxd3 Rfe8 16. Bg5 Nd7 17. d4 h6 18. Be3 Qb7 19. Rab1 Re6 20. Rfc1 Rae8
21. Qh5 Qb8 22. g3 Nf6 23. Qf3 h5 24. h3 Bxg3 25. Kg2 Bc7 26. a3 Qd8 27. Bg5
Qd6 28. Qg3 Qd7 29. Qf3 Nh7 30. Be3 Qd6 31. Kf1 Rf6 32. Qe2 Qh2 33. Qd3 Bg3 0-1

[Event "Borbeck- Rheinhausen"]
[Site "?"]
[Date "2022.10.02"]
[Round "2.7"]
[White "Mohrholz, Stefan"]
[Black "Kindermann, Carsten"]
[Result "1-0"]
[WhiteElo "1996"]
[BlackElo "1923"]
[PlyCount "89"]
[SourceVersionDate "2023.06.22"]

1. Nf3 g6 2. c4 Bg7 3. d4 f5 4. Nc3 Nf6 5. g3 d6 6. Bg2 c6 7. O-O O-O 8. d5 e5
9. dxe6 Bxe6 10. Qd3 Na6 11. Ng5 Qd7 12. Bf4 Rfd8 13. Rfd1 Ne8 14. e4 Nc5 15.
Qe2 fxe4 16. Ncxe4 Nxe4 17. Bxe4 Bf5 18. Bxf5 Qxf5 19. Qe6+ Qxe6 20. Nxe6 Rd7
21. Nxg7 Kxg7 22. Rd2 Kf7 23. Rad1 Rad8 24. Bg5 Nf6 25. Rd3 d5 26. Rf3 Rd6 27.
cxd5 cxd5 28. Rd4 Re6 29. Rdf4 Rdd6 30. Kf1 d4 31. Rd3 Re4 32. Rxf6+ Rxf6 33.
Bxf6 Kxf6 34. f3 Re5 35. Rxd4 Rb5 36. b3 Ke6 37. Ke2 h5 38. Ke3 a6 39. h4 Ra5
40. a4 b5 41. Rb4 bxa4 42. Rxa4 Rb5 43. Rxa6+ Kf5 44. Ra3 Rb4 45. Kd3 1-0

[Event "Borbeck- Rheinhausen"]
[Site "?"]
[Date "2022.10.02"]
[Round "2.8"]
[White "Braun, Joshua"]
[Black "Sobeck, Oskar"]
[Result "0-1"]
[WhiteElo "1613"]
[BlackElo "1815"]
[PlyCount "134"]
[SourceVersionDate "2023.06.22"]

1. e4 e6 2. d4 d5 3. exd5 exd5 4. Bd3 Nc6 5. Nf3 Bd6 6. O-O Bg4 7. c3 Qd7 8.
Bg5 f6 9. Bh4 O-O-O 10. Nbd2 Nge7 11. Bg3 g5 12. b4 Ng6 13. Bxd6 Qxd6 14. Qc2
Nce7 15. g3 Qd7 16. a4 Nf4 17. Rfe1 Nxd3 18. Qxd3 Ng6 19. Nb3 Bf5 20. Qf1 h5
21. Nc5 Qd6 22. Qb5 Qb6 23. Qxb6 axb6 24. Nb3 Rhe8 25. Rxe8 Rxe8 26. Re1 Rxe1+
27. Nxe1 Bd7 28. a5 Ba4 29. axb6 Bxb3 30. bxc7 Kxc7 31. f3 Kd6 32. Kf2 Ke6 33.
Nd3 b6 34. Ke3 Bc4 35. Nb2 Bb5 36. h3 f5 37. Nd1 f4+ 38. gxf4 gxf4+ 39. Kf2 Kf5
40. Kg2 Kg5 41. Nf2 Nh4+ 42. Kh1 Be2 43. Kg1 Nxf3+ 44. Kg2 Nh4+ 45. Kg1 f3 46.
Kh2 Kf4 47. Nh1 Ke3 48. Kg3 Nf5+ 49. Kh2 f2 50. Nxf2 Kxf2 51. h4 Nxh4 52. Kh3
Nf5 53. Kh2 Nd6 54. Kh3 Ne4 55. Kh4 Nxc3 56. Kg5 Na2 57. b5 Nc3 58. Kh4 Nxb5
59. Kh3 Bf3 60. Kh4 Nxd4 61. Kg5 b5 62. Kh4 b4 63. Kh3 b3 64. Kh4 Ne6 65. Kh3
b2 66. Kh2 b1=Q 67. Kh3 Qh1# 0-1

[Event "Horst Emscher- Erkenschwick 2"]
[Site "?"]
[Date "2022.10.02"]
[Round "2.1"]
[White "Spriestersbach, Kai"]
[Black "Baerwolf, Steven"]
[Result "1-0"]
[WhiteElo "2043"]
[BlackElo "2213"]
[Annotator "daniel"]
[PlyCount "93"]
[SourceVersionDate "2023.06.22"]

1. e4 d6 2. d4 Nf6 3. Nc3 e5 4. dxe5 dxe5 5. Qxd8+ Kxd8 6. Bc4 Be6 7. Bxe6 fxe6
8. f3 Bc5 9. Na4 Bb4+ 10. c3 Bd6 11. Be3 Nbd7 12. b3 b5 13. Nb2 Ke7 14. Kd2 a5
15. a4 Rhb8 16. Kc2 Bc5 17. Bd2 c6 18. Ne2 Bb6 19. Nc1 Rg8 20. Ncd3 g5 21. g4
h5 22. h3 $11 h4 23. Kd1 Nh7 24. Ke2 Kf6 25. Rhc1 Rgb8 26. axb5 cxb5 27. c4
bxc4 28. Nxc4 Bd8 29. Ra3 Rb5 30. b4 a4 31. Rca1 Be7 32. Rxa4 Rc8 33. Ra5 Rxa5
34. Nxa5 Nhf8 35. Rc1 Rxc1 36. Bxc1 Ng6 37. Bb2 Kf7 38. Nc6 Bd6 39. Bc1 Kf6 40.
Be3 Bc7 41. Kd2 Nf4 42. Nxf4 exf4 43. Bc5 Kf7 44. Kd3 Ke8 45. Kc4 Nf6 46. Be7
Nh7 47. Kc5 1-0

[Event "Horst Emscher- Erkenschwick 2"]
[Site "?"]
[Date "2022.10.02"]
[Round "2.2"]
[White "Rebentisch, Tom"]
[Black "Homs, Guust"]
[Result "1/2-1/2"]
[WhiteElo "2175"]
[BlackElo "2189"]
[Annotator "daniel"]
[PlyCount "95"]
[SourceVersionDate "2023.06.22"]

1. e4 e5 2. Nf3 Nc6 3. Bc4 Bc5 4. c3 Nf6 5. d3 O-O 6. O-O d6 7. Nbd2 a6 8. a4
Ba7 9. h3 Qe7 10. Re1 h6 11. Nf1 Be6 12. Bb3 Bxb3 13. Qxb3 Rab8 14. Be3 Qe6 15.
Qxe6 fxe6 16. Bxa7 Nxa7 17. d4 exd4 18. cxd4 Nh5 19. Rec1 Nf4 20. Kh2 Rf7 21.
Ra3 Rbf8 22. Rb3 c6 $11 23. N1d2 d5 24. Re1 Nc8 25. g3 Ng6 26. Kg2 Nd6 27. Re2
b5 28. axb5 axb5 29. exd5 exd5 30. Rc3 Nc4 31. b3 Nxd2 32. Rxd2 Rf6 33. Rdc2
Rc8 34. Rc5 Ne7 35. Ne5 Kh7 36. h4 g6 37. R2c3 Kg7 38. f4 h5 39. Kf2 Re6 40.
Rc2 Kh6 41. Kf3 Nf5 42. Rxd5 cxd5 43. Rxc8 Nxd4+ 44. Kf2 Ra6 45. Rc7 Ra2+ 46.
Kf1 Ra1+ 47. Kg2 Ra2+ 48. Kf1 1/2-1/2

[Event "Horst Emscher- Erkenschwick 2"]
[Site "?"]
[Date "2022.10.02"]
[Round "2.3"]
[White "Krings, Christoph"]
[Black "De Roda Husman, Juan"]
[Result "1-0"]
[WhiteElo "2154"]
[BlackElo "2288"]
[PlyCount "59"]
[SourceVersionDate "2023.06.22"]

1. d4 d6 2. Nf3 g6 3. c4 Bg7 4. Nc3 Nd7 5. e4 e5 6. Be2 Ne7 7. O-O O-O 8. d5 a5
9. Ne1 f5 10. f3 f4 11. b3 h5 12. Nd3 b6 13. Bd2 g5 14. a3 Nf6 15. Nf2 Ng6 16.
h3 Rf7 17. b4 Bf8 18. bxa5 bxa5 19. Rc1 Nh4 20. c5 Rg7 21. cxd6 cxd6 22. Nb5 g4
23. hxg4 hxg4 24. fxg4 Bxg4 25. Nxg4 Nxg2 26. Kxg2 Nxg4 27. Bxg4 Qh4 28. Rg1
Qg3+ 29. Kf1 Qd3+ 30. Qe2 1-0

[Event "Horst Emscher- Erkenschwick 2"]
[Site "?"]
[Date "2022.10.02"]
[Round "2.4"]
[White "Kroeger, Fabian"]
[Black "Trzaska, Peter"]
[Result "1/2-1/2"]
[WhiteElo "2196"]
[BlackElo "2070"]
[PlyCount "36"]
[SourceVersionDate "2023.06.22"]

1. e4 c6 2. Nc3 d5 3. Nf3 dxe4 4. Nxe4 Nf6 5. Nxf6+ exf6 6. d4 Bd6 7. Be2 O-O
8. O-O Bg4 9. h3 Bh5 10. c4 Re8 11. Be3 f5 12. Re1 Nd7 13. a3 a5 14. c5 f4 15.
Bd2 Bc7 16. b4 axb4 17. axb4 Rxa1 18. Qxa1 Nf6 1/2-1/2

[Event "Horst Emscher- Erkenschwick 2"]
[Site "?"]
[Date "2022.10.02"]
[Round "2.5"]
[White "Schulze Bisping, Franz"]
[Black "Radulovic, Drazen"]
[Result "0-1"]
[WhiteElo "1886"]
[BlackElo "2191"]
[PlyCount "62"]
[SourceVersionDate "2023.06.22"]

1. d4 c5 2. d5 Nf6 3. c4 e5 4. Nc3 d6 5. e4 Be7 6. Nf3 O-O 7. Be2 Ne8 8. O-O
Nd7 9. h3 g6 10. Bh6 Ng7 11. Nh2 Bg5 12. Bxg5 Qxg5 13. Qc1 Qe7 14. a3 f5 15. b4
f4 16. Na4 b6 17. bxc5 bxc5 18. Nc3 Nf6 19. Qd2 g5 20. Rfb1 h5 21. f3 Nge8 22.
Rb3 Qg7 23. Rab1 g4 24. hxg4 hxg4 25. fxg4 Nxg4 26. Nxg4 Bxg4 27. Rb7 Qg6 28.
Bxg4 Qxg4 29. Rf1 Nf6 30. Qe2 Qxe2 31. Nxe2 Nxe4 0-1

[Event "Horst Emscher- Erkenschwick 2"]
[Site "?"]
[Date "2022.10.02"]
[Round "2.6"]
[White "de Mie, Mariska"]
[Black "Al Marawi, Abdulhadi"]
[Result "0-1"]
[WhiteElo "2089"]
[BlackElo "1840"]
[Annotator "daniel"]
[PlyCount "68"]
[SourceVersionDate "2023.06.22"]

1. e4 e6 2. d4 d5 3. Nc3 Bb4 4. exd5 exd5 5. Bd3 Nf6 6. Bg5 h6 7. Bh4 Be6 8.
Nge2 Nbd7 9. Nf4 O-O 10. O-O c6 11. Nxe6 fxe6 12. Re1 Re8 13. Bg6 Re7 14. f4
Qc7 15. Qf3 Bd6 16. Re5 Nf8 $11 17. Bd3 Rf7 18. Rae1 Bxe5 19. dxe5 N6d7 20. Qg4
Nc5 21. Bf1 Qb6 22. Bf2 Qxb2 23. Bd4 Ne4 24. Nb5 Qxc2 25. Nd6 Nxd6 26. exd6 Qd2
27. Rd1 Qxf4 28. Qh5 Rf5 29. Qh3 Qxd6 30. Bd3 Rf7 31. Re1 Re8 32. Be5 Qc5+ 33.
Kh1 Qf2 34. Bg3 Qd2 0-1

[Event "Horst Emscher- Erkenschwick 2"]
[Site "?"]
[Date "2022.10.02"]
[Round "2.7"]
[White "Riechenberg, Sebastian"]
[Black "Buschmann, Andreas"]
[Result "0-1"]
[WhiteElo "1648"]
[BlackElo "2076"]
[PlyCount "90"]
[SourceVersionDate "2023.06.22"]

1. e4 c5 2. Nf3 d6 3. d4 cxd4 4. Nxd4 Nf6 5. Nc3 a6 6. Be3 e6 7. Be2 Be7 8. O-O
O-O 9. f4 Nc6 10. Bf3 Qc7 11. Qe1 Nxd4 12. Bxd4 e5 13. fxe5 dxe5 14. Bf2 Bb4
15. Bh4 Bxc3 16. bxc3 Ne8 17. Qg3 Be6 18. Bg4 Bxg4 19. Qxg4 f6 20. Rf3 Rd8 21.
Qe6+ Qf7 22. Qxe5 fxe5 23. Rxf7 Rxf7 24. Bxd8 Rd7 25. Bg5 h6 26. Be3 Nf6 27. c4
Nxe4 28. Bb6 Rd2 29. Re1 Nf6 30. Rxe5 Rd1+ 31. Kf2 Rb1 32. Re6 Kf7 33. Rxf6+
gxf6 34. c5 Rb2 35. a4 Rxc2+ 36. Kf3 Ke6 37. h3 h5 38. a5 Kf5 39. Kg3 Ke4 40.
Kh2 f5 41. Kg3 f4+ 42. Kh4 Rxg2 43. Kxh5 f3 44. c6 bxc6 45. h4 f2 0-1

[Event "Horst Emscher- Erkenschwick 2"]
[Site "?"]
[Date "2022.10.02"]
[Round "2.8"]
[White "Becker, Marco"]
[Black "Riechenberg, Maximilian"]
[Result "1-0"]
[WhiteElo "1936"]
[BlackElo "1750"]
[PlyCount "53"]
[SourceVersionDate "2023.06.22"]

1. e4 e5 2. Nc3 Nc6 3. g3 Nf6 4. Bg2 Bc5 5. Nge2 a6 6. O-O d6 7. d3 Be6 8. h3
Qd7 9. Kh2 d5 10. f4 dxe4 11. fxe5 exd3 12. cxd3 Nd5 13. Nxd5 Bxd5 14. Bxd5
Qxd5 15. Nf4 Qd4 16. e6 O-O 17. Bd2 fxe6 18. Qb3 Kh8 19. Bc3 Qe3 20. Rae1 Nd4
21. Qxb7 Rab8 22. Qxb8 Nf3+ 23. Kh1 Nxe1 24. Ng6+ hxg6 25. Rxf8+ Bxf8 26. Qxf8+
Kh7 27. Qxg7# 1-0

[Event "Münster 3- Kleve"]
[Site "?"]
[Date "2022.10.02"]
[Round "2.1"]
[White "Shakhverdian, William"]
[Black "Korth, Daniel"]
[Result "1/2-1/2"]
[WhiteElo "2133"]
[BlackElo "2162"]
[PlyCount "51"]
[SourceVersionDate "2023.06.22"]

1. d4 d5 2. c4 c6 3. e3 Nf6 4. Nc3 a6 5. Qc2 e6 6. Nf3 Nbd7 7. Bd3 dxc4 8. Bxc4
b5 9. Be2 c5 10. Ne4 Nxe4 11. Qxe4 Rb8 12. O-O Qc7 13. dxc5 Bxc5 14. b4 Nf6 15.
Qb1 Be7 16. Bb2 Bb7 17. Be5 Bd6 18. Rc1 Qe7 19. Qb2 O-O 20. a4 Bxf3 21. Bxf3
Bxe5 22. Qxe5 Qxb4 23. Rcb1 Qc4 24. Rc1 Qb4 25. Rcb1 Qc4 26. Rc1 1/2-1/2

[Event "Münster 3- Kleve"]
[Site "?"]
[Date "2022.10.02"]
[Round "2.2"]
[White "Wieder, Heiner"]
[Black "Verfuerth, Kevin"]
[Result "0-1"]
[WhiteElo "2105"]
[BlackElo "1985"]
[PlyCount "116"]
[SourceVersionDate "2023.06.22"]

1. e4 c5 2. Nf3 Nc6 3. d4 cxd4 4. c3 d5 5. exd5 Qxd5 6. cxd4 e5 7. Nc3 Bb4 8.
Be2 exd4 9. O-O Bxc3 10. bxc3 Nge7 11. cxd4 O-O 12. Bb2 Be6 13. Ne5 Rfd8 14.
Bc4 Qxe5 15. dxe5 Rxd1 16. Rfxd1 Bxc4 17. Rd7 b5 18. a4 bxa4 19. f4 Be6 20. Rc7
Rc8 21. Rxc8+ Nxc8 22. Rxa4 Nb6 23. Ra1 Kf8 24. Kf2 Ke7 25. Ba3+ Kd7 26. Bc5
Kc7 27. g3 g6 28. Rb1 Na5 29. Ra1 Nc6 30. Rb1 Nc4 31. Rc1 a5 32. g4 Nb4 33.
Bxb4 axb4 34. Rb1 Bxg4 35. Rxb4 Be6 36. Rb5 Kc6 37. Rb8 Kd5 38. Kf3 Kc5 39. Rd8
Bd5+ 40. Kf2 Kd4 41. Rh8 Ke4 42. Kg3 h5 43. Rb8 h4+ 44. Kxh4 Kxf4 45. Rb4 Be6
46. Ra4 Kxe5 47. Kg5 Nd2 48. h4 Ne4+ 49. Kh6 Ng3 50. Kg5 Ne4+ 51. Kh6 Kf5 52.
h5 gxh5 53. Kxh5 Kf4 54. Kh4 Bg4 55. Rxe4+ Kxe4 56. Kxg4 f5+ 57. Kg3 Ke3 58.
Kg2 f4 0-1

[Event "Münster 3- Kleve"]
[Site "?"]
[Date "2022.10.02"]
[Round "2.3"]
[White "Van Kuijk, Vadim"]
[Black "Mueschenich, Stefan"]
[Result "1/2-1/2"]
[WhiteElo "1926"]
[BlackElo "2149"]
[PlyCount "46"]
[SourceVersionDate "2023.06.22"]

1. e4 Nf6 2. e5 Nd5 3. d4 d6 4. Nf3 Bg4 5. Be2 c6 6. exd6 exd6 7. O-O Be7 8. c4
Nb6 9. b3 O-O 10. Nbd2 Re8 11. Re1 Bf6 12. Bb2 N8d7 13. Qc2 Nf8 14. Ne4 d5 15.
Nxf6+ Qxf6 16. Ne5 Bf5 17. Bd3 Bxd3 18. Qxd3 dxc4 19. bxc4 Ng6 20. Nxg6 hxg6
21. Qb3 Red8 22. d5 Qf4 23. dxc6 bxc6 1/2-1/2

[Event "Münster 3- Kleve"]
[Site "?"]
[Date "2022.10.02"]
[Round "2.4"]
[White "Baumann, Stephan"]
[Black "Huysman, Arie Cornelis"]
[Result "1/2-1/2"]
[WhiteElo "2057"]
[BlackElo "2018"]
[PlyCount "66"]
[SourceVersionDate "2023.06.22"]

1. e4 e5 2. Nf3 Nc6 3. Bb5 a6 4. Bxc6 dxc6 5. O-O f6 6. d4 Bg4 7. c3 Bd6 8. Be3
Ne7 9. Nbd2 Ng6 10. Qb3 Qc8 11. Rac1 Be6 12. c4 O-O 13. d5 cxd5 14. cxd5 Bf7
15. Nc4 Qg4 16. Qd3 Rfc8 17. Nxd6 cxd6 18. h3 Qd7 19. Nd2 b5 20. Qa3 Ne7 21.
Rxc8+ Nxc8 22. Rc1 f5 23. f3 fxe4 24. fxe4 a5 25. Qd3 Qb7 26. Nf3 h6 27. Nh4
Ne7 28. Qe2 Qd7 29. Bb6 Rc8 30. Rxc8+ Nxc8 31. Bxa5 Qa7+ 32. Kh2 Qxa5 33. Qg4
Qc7 1/2-1/2

[Event "Münster 3- Kleve"]
[Site "?"]
[Date "2022.10.02"]
[Round "2.5"]
[White "Verfuerth, Thomas"]
[Black "Seegers, Hendrik"]
[Result "1-0"]
[WhiteElo "2045"]
[BlackElo "2103"]
[PlyCount "67"]
[SourceVersionDate "2023.06.22"]

1. c4 e5 2. Nc3 d6 3. g3 f5 4. Bg2 Nf6 5. d3 Be7 6. e3 O-O 7. Nge2 c6 8. f4 Be6
9. O-O Nbd7 10. b3 g6 11. Bb2 Qc7 12. Rc1 Rad8 13. d4 Bf7 14. h3 Rfe8 15. e4
exd4 16. Nxd4 fxe4 17. Nxe4 Nxe4 18. Bxe4 Nf6 19. Bg2 d5 20. c5 Ne4 21. Kh2
Nxc5 22. Nf5 d4 23. Nh6+ Kf8 24. Nxf7 Kxf7 25. f5 Rg8 26. b4 gxf5 27. Qh5+ Rg6
28. Qxh7+ Rg7 29. Rxf5+ Bf6 30. Rxf6+ Kxf6 31. Rf1+ Ke6 32. Qf5+ Ke7 33. Qf6+
Ke8 34. Qf8+ 1-0

[Event "Münster 3- Kleve"]
[Site "?"]
[Date "2022.10.02"]
[Round "2.6"]
[White "Kaufhold, Thomas"]
[Black "Brandt, Thorsten"]
[Result "1/2-1/2"]
[WhiteElo "2071"]
[BlackElo "1891"]
[Annotator "daniel"]
[PlyCount "68"]
[SourceVersionDate "2023.06.22"]

1. d4 e6 2. c4 Bb4+ 3. Bd2 Qe7 4. Nf3 Nc6 5. e3 Nf6 6. Bd3 Bxd2+ 7. Nbxd2 O-O
8. O-O d6 9. a3 e5 10. Qc2 Re8 11. dxe5 dxe5 12. Ng5 h6 13. Nge4 Nxe4 14. Bxe4
Bd7 15. b4 a5 16. b5 Nd8 17. Rfd1 Rb8 18. Nb3 b6 19. a4 Be6 20. Rac1 Qa3 21.
Nd2 Nb7 22. Bxb7 Rxb7 23. c5 Rbb8 24. c6 Rbd8 25. Nc4 Qc5 26. Re1 $11 Bxc4 27.
Qxc4 Qxc4 28. Rxc4 Rd2 29. Rec1 Red8 30. Kf1 Kf8 31. R4c2 Ke7 32. Ke1 Rxc2 33.
Rxc2 Rd5 34. Ke2 Kd6 1/2-1/2

[Event "Münster 3- Kleve"]
[Site "?"]
[Date "2022.10.02"]
[Round "2.7"]
[White "Hoenselaar, Dennis"]
[Black "Niermann, Rainer"]
[Result "0-1"]
[WhiteElo "1701"]
[BlackElo "2091"]
[PlyCount "66"]
[SourceVersionDate "2023.06.22"]

1. c4 e5 2. Nc3 d6 3. g3 Be6 4. d3 Nf6 5. Bg2 Nc6 6. e4 Qd7 7. Bg5 Be7 8. Nge2
Bh3 9. O-O h5 10. f4 Bxg2 11. Kxg2 Ng4 12. Qd2 f6 13. Bh4 exf4 14. gxf4 g5 15.
fxg5 fxg5 16. Bf2 Nce5 17. Bd4 O-O-O 18. Nb5 a6 19. Nbc3 h4 20. Nd5 h3+ 21. Kh1
Rhf8 22. Bxe5 dxe5 23. Ng3 Bc5 24. Nf5 c6 25. Qa5 Nf2+ 26. Rxf2 Bxf2 27. Nb6+
Bxb6 28. Qxb6 Rxf5 29. exf5 Qxf5 30. Qe3 Rxd3 31. Qe2 e4 32. Rf1 Rf3 33. Re1
Rf2 0-1

[Event "Münster 3- Kleve"]
[Site "?"]
[Date "2022.10.02"]
[Round "2.8"]
[White "Schroeder, Joerg"]
[Black "Van der Velden, Alain"]
[Result "0-1"]
[WhiteElo "1999"]
[BlackElo "1716"]
[PlyCount "112"]
[SourceVersionDate "2023.06.22"]

1. d4 f5 2. Bg5 g6 3. h4 Bg7 4. Nf3 h6 5. Bf4 d6 6. e3 Nf6 7. Bc4 e6 8. Nbd2
O-O 9. c3 Qe8 10. Qc2 a5 11. a4 Nbd7 12. Qb3 Nb6 13. Bd3 Bd7 14. Bxd6 Bxa4 15.
Rxa4 cxd6 16. Ra1 Nbd5 17. O-O Qe7 18. g3 Ng4 19. e4 Nc7 20. exf5 gxf5 21. Qxb7
Rab8 22. Qc6 e5 23. dxe5 dxe5 24. Rxa5 e4 25. Bc4+ Kh8 26. Ra7 Rfc8 27. Re1 Qd8
28. Nxe4 Nb5 29. Qxb5 Rxb5 30. Bxb5 fxe4 31. Rxe4 Qb6 32. Rxg4 Qxa7 33. Nd4
Bxd4 34. cxd4 Qa1+ 35. Kg2 Qxb2 36. Bf1 Rf8 37. Rf4 Rxf4 38. gxf4 Qxd4 39. Kg3
Kg7 40. Bg2 Kf6 41. Bh3 Ke7 42. Bg2 Kd6 43. Bf1 Kc5 44. Bg2 Kb4 45. Bh3 Kc3 46.
f5 Kd2 47. Bg2 Ke1 48. f3 Qg1 49. h5 Ke2 50. f6 Qd4 51. Bh3 Qxf6 52. Bg4 Ke3
53. Kg2 Qf4 54. Bh3 Qxf3+ 55. Kg1 Qf2+ 56. Kh1 Kf4 0-1

[Event "Hemer- Porta Westfalica"]
[Site "?"]
[Date "2022.10.02"]
[Round "2.1"]
[White "Liebelt, Jannik"]
[Black "Runte, Moritz"]
[Result "0-1"]
[WhiteElo "2132"]
[BlackElo "2185"]
[Annotator "daniel"]
[PlyCount "90"]
[SourceVersionDate "2023.06.22"]

1. d4 d5 2. c4 c6 3. Nf3 Nf6 4. e3 e6 5. Nbd2 Nbd7 6. Bd3 Bd6 7. O-O O-O 8. e4
e5 9. cxd5 cxd5 10. Re1 Re8 11. exd5 Qc7 12. h3 exd4 13. Rxe8+ Nxe8 14. Nxd4
Ndf6 15. Nb5 Qc5 16. Qb3 Bg3 17. Kh1 Qxf2 18. Nf1 Be5 19. Be3 $11 Qh4 20. Qc4
Qh5 21. Be2 Qg6 22. Bd3 Bf5 23. Bxf5 Qxf5 24. Re1 Rc8 25. Qe2 a6 26. Nd4 Qd7
27. Nf3 Qxd5 28. Rd1 Qe4 29. N1d2 Rc2 30. Nxe4 Rxe2 31. Nxe5 Nxe4 32. Rd8 Kf8
33. Bd4 f6 34. Nf3 Ke7 35. Rb8 N8d6 36. Kg1 Ke6 37. Rh8 h6 38. Rg8 g5 39. Rh8
Kd5 40. Kf1 Rc2 41. Kg1 h5 42. h4 g4 43. Rxh5+ f5 44. Ne1 Rc1 45. Bf2 g3 0-1

[Event "Hemer- Porta Westfalica"]
[Site "?"]
[Date "2022.10.02"]
[Round "2.2"]
[White "Schmuecker, Marcus"]
[Black "Adiyaman, Rene"]
[Result "0-1"]
[WhiteElo "2236"]
[BlackElo "2084"]
[PlyCount "50"]
[SourceVersionDate "2023.06.22"]

1. d4 Nf6 2. c4 g6 3. Nc3 Bg7 4. e4 d6 5. Be2 O-O 6. Bg5 Nbd7 7. Qd2 c5 8. d5
a6 9. a4 Qa5 10. Nf3 b5 11. cxb5 axb5 12. Bxb5 Nxe4 13. Nxe4 Qxb5 14. axb5
Rxa1+ 15. Ke2 Rxh1 16. Bh6 Nb6 17. Bxg7 Kxg7 18. b3 Bd7 19. Nc3 Ra8 20. Qe3
Nxd5 21. Nxd5 Bxb5+ 22. Kd2 Ra2+ 23. Kc3 Re2 24. Qf4 Rd1 25. Nd2 Rdxd2 0-1

[Event "Hemer- Porta Westfalica"]
[Site "?"]
[Date "2022.10.02"]
[Round "2.3"]
[White "Kirnos, Evgeni"]
[Black "Jagodzinsky, Andreas"]
[Result "1-0"]
[WhiteElo "2214"]
[BlackElo "2169"]
[Annotator "daniel"]
[PlyCount "59"]
[SourceVersionDate "2023.06.22"]

1. e4 e6 2. d4 d5 3. exd5 exd5 4. c3 c5 5. Nf3 Nc6 6. Bd3 cxd4 7. cxd4 Nf6 8.
O-O Be7 9. h3 O-O 10. Nc3 h6 11. Bf4 Be6 12. Re1 a6 13. Rc1 Bd6 14. Be5 Re8 15.
Bb1 Bf8 $11 16. Bg3 Nh5 17. Bh4 Be7 18. Bxe7 Nxe7 19. Ng5 Nf4 20. Nxe6 Nxe6 21.
Re5 Nc6 22. Rxd5 Qh4 23. Qd3 g6 24. Rd7 Nexd4 25. Rxb7 Rad8 26. Qg3 Qxg3 27.
fxg3 Ne2+ 28. Nxe2 Rxe2 29. Bxg6 fxg6 30. Rxc6 1-0

[Event "Hemer- Porta Westfalica"]
[Site "?"]
[Date "2022.10.02"]
[Round "2.4"]
[White "Stoering, Marc"]
[Black "Friesen, Victor"]
[Result "0-1"]
[WhiteElo "1943"]
[BlackElo "2163"]
[PlyCount "96"]
[SourceVersionDate "2023.06.22"]

1. Nf3 d5 2. d4 Nf6 3. Bf4 e6 4. e3 Bd6 5. Bg3 O-O 6. Bd3 c5 7. dxc5 Bxc5 8.
O-O Qb6 9. Qc1 Nc6 10. a3 a5 11. Nbd2 a4 12. e4 Nh5 13. b4 axb3 14. cxb3 Nxg3
15. hxg3 Bd6 16. Kh1 Bd7 17. b4 Rfc8 18. Qb2 Bf8 19. Qb3 g6 20. Ra2 Bg7 21. Kg1
Nd4 22. Nxd4 Qxd4 23. Nf3 Qc3 24. Rb1 Qxb3 25. Rxb3 Rc1+ 26. Kh2 Ba4 27. Rb1
Rc3 28. Ne1 Bb3 29. Re2 Rxa3 30. exd5 Bxd5 31. Be4 Bxe4 32. Rxe4 b5 33. Re2
Rcb3 34. Rd1 Ra8 35. Rc2 Rc3 36. Rcd2 Bf8 37. Rd7 Ra2 38. Kg1 Bxb4 39. Rb7 Bc5
40. Nd3 Bd4 41. Rxb5 Rca3 42. Rb4 e5 43. Rc4 Re2 44. Re1 Bxf2+ 45. Kf1 Rxe1+
46. Nxe1 Bxe1 47. Kxe1 Rxg3 48. Kf2 Ra3 0-1

[Event "Hemer- Porta Westfalica"]
[Site "?"]
[Date "2022.10.02"]
[Round "2.5"]
[White "Ringe, Christian"]
[Black "Trinh, Fabian"]
[Result "1/2-1/2"]
[WhiteElo "1856"]
[BlackElo "1848"]
[PlyCount "33"]
[SourceVersionDate "2023.06.22"]

1. Nf3 d5 2. g3 Nf6 3. d4 e6 4. Bg2 Be7 5. O-O O-O 6. b3 b6 7. Bb2 Bb7 8. Nbd2
Nbd7 9. c4 c5 10. Re1 Rc8 11. Rc1 Rc7 12. cxd5 Nxd5 13. dxc5 Rxc5 14. Rxc5 Nxc5
15. Qb1 Bf6 16. Bxf6 Nxf6 17. b4 1/2-1/2

[Event "Hemer- Porta Westfalica"]
[Site "?"]
[Date "2022.10.02"]
[Round "2.7"]
[White "Peters, Waldemar"]
[Black "Naumenko, Valerija"]
[Result "1/2-1/2"]
[WhiteElo "1724"]
[BlackElo "1783"]
[PlyCount "48"]
[SourceVersionDate "2023.06.22"]

1. d4 d5 2. c4 e6 3. Nc3 Nf6 4. e3 Be7 5. Bd2 O-O 6. Nf3 c5 7. Be2 dxc4 8. Bxc4
a6 9. dxc5 Bxc5 10. a3 b5 11. Be2 Bb7 12. Qc2 Nbd7 13. Rd1 Qe7 14. O-O e5 15.
e4 Rac8 16. Qb1 Bd4 17. Bd3 Nc5 18. Bc2 Rfd8 19. h3 h6 20. Kh1 Nh5 21. b4 Ne6
22. Ne2 Qf6 23. Bb3 Qg6 24. Bc2 Qf6 1/2-1/2

[Event "Werther- Kirchlengern"]
[Site "?"]
[Date "2022.10.02"]
[Round "2.1"]
[White "Gulatz, Maurice"]
[Black "Haskenhoff, Jan"]
[Result "1-0"]
[WhiteElo "2204"]
[BlackElo "2202"]
[PlyCount "79"]
[SourceVersionDate "2023.06.22"]

1. e4 c5 2. Nf3 d6 3. Bb5+ Nc6 4. O-O Bd7 5. Re1 a6 6. Bf1 Bg4 7. c3 Nf6 8. h3
Bxf3 9. Qxf3 g6 10. d3 Bg7 11. Be3 Nd7 12. Nd2 O-O 13. Qd1 b5 14. Nf3 Nb6 15.
d4 cxd4 16. cxd4 d5 17. e5 Nc4 18. Bc1 Qa5 19. a4 Qb6 20. b3 N4a5 21. Ba3 b4
22. Bc1 Nd8 23. Qd3 Ne6 24. Be3 Rfc8 25. Rac1 Rc6 26. Rxc6 Nxc6 27. g3 Nc7 28.
Rc1 Na5 29. h4 Ne6 30. h5 Nc6 31. Bh3 Ncd8 32. Qc2 Rb8 33. Bf1 Rb7 34. Qc8 a5
35. Bh3 Bf8 36. Bxe6 Nxe6 37. Rc6 Rc7 38. Qxf8+ Kxf8 39. Rxb6 gxh5 40. Rb5 1-0

[Event "Werther- Kirchlengern"]
[Site "?"]
[Date "2022.10.02"]
[Round "2.2"]
[White "Suchland, Marko"]
[Black "Ott, Mathias"]
[Result "1-0"]
[WhiteElo "2166"]
[BlackElo "1979"]
[PlyCount "75"]
[SourceVersionDate "2023.06.22"]

1. d4 d5 2. Bf4 Nf6 3. e3 c6 4. c4 g6 5. Nf3 Bg7 6. Qb3 O-O 7. Nc3 Qa5 8. Be2
dxc4 9. Bxc4 Nbd7 10. Ng5 e6 11. Bxe6 fxe6 12. Nxe6 Kh8 13. Nxf8 Nxf8 14. O-O
Nh5 15. Bd6 Qd8 16. Be5 Nf6 17. Rfd1 Qe7 18. a3 Be6 19. Qb4 Qf7 20. f3 Bb3 21.
Re1 Rd8 22. Rac1 N8d7 23. Bg3 Nb6 24. Ne4 Nxe4 25. fxe4 Qe6 26. d5 Bxd5 27.
exd5 Rxd5 28. a4 c5 29. Qf4 Nd7 30. b4 Be5 31. Qe4 Nf6 32. Bxe5 Rxe5 33. Qxb7
Rxe3 34. Rf1 Re2 35. Qf3 Ng8 36. bxc5 Re3 37. Qf2 Re2 38. Qd4+ 1-0

[Event "Werther- Kirchlengern"]
[Site "?"]
[Date "2022.10.02"]
[Round "2.3"]
[White "Knollmann, Benjamin"]
[Black "Goecke, Karl Ulrich"]
[Result "0-1"]
[WhiteElo "1863"]
[BlackElo "2138"]
[PlyCount "82"]
[SourceVersionDate "2023.06.22"]

1. d4 e6 2. c4 f5 3. Nc3 Nf6 4. Nf3 Bb4 5. Qb3 a5 6. Bd2 O-O 7. c5 d6 8. a3
Bxc3 9. Qxc3 Ne4 10. Qc1 Nc6 11. h4 dxc5 12. dxc5 Qe7 13. Bg5 Qxc5 14. Qxc5
Nxc5 15. Bf4 Re8 16. Ne5 Nxe5 17. Bxe5 c6 18. Rh3 Nd7 19. Re3 Nxe5 20. Rxe5 Rd8
21. e4 f4 22. Rd1 Rxd1+ 23. Kxd1 Kf7 24. Bc4 Kf6 25. Rc5 e5 26. a4 Bd7 27. Be2
b6 28. Rc3 Rd8 29. Kc2 c5 30. b3 Bc6 31. Bf3 Rd4 32. Rd3 Ke7 33. Kc3 h6 34.
Rxd4 cxd4+ 35. Kd3 Kd6 36. Bh5 Kc5 37. Bf7 b5 38. axb5 Bxb5+ 39. Kd2 Kb4 40. g4
Bd7 41. f3 Kc5 0-1